<?xml version="1.0" encoding="UTF-8"?>
<record
    xmlns:xsi="http://www.w3.org/2001/XMLSchema-instance"
    xsi:schemaLocation="http://www.loc.gov/MARC21/slim http://www.loc.gov/standards/marcxml/schema/MARC21slim.xsd"
    xmlns="http://www.loc.gov/MARC21/slim">

  <leader>01936nam a2200433 a 4500</leader>
  <controlfield tag="001">00003864</controlfield>
  <controlfield tag="003">DO-SdBNP</controlfield>
  <controlfield tag="005">20180306090541.0</controlfield>
  <controlfield tag="007">00003864</controlfield>
  <controlfield tag="008">110712s2013    dr ac         000 0 spa d</controlfield>
  <datafield tag="020" ind1=" " ind2=" ">
    <subfield code="a">9945495348</subfield>
  </datafield>
  <datafield tag="040" ind1=" " ind2=" ">
    <subfield code="a">BPMSU</subfield>
    <subfield code="b">spa</subfield>
    <subfield code="c">BPMSU</subfield>
  </datafield>
  <datafield tag="082" ind1="0" ind2="4">
    <subfield code="a">372.6561</subfield>
    <subfield code="b">B862L   4to.  2013</subfield>
  </datafield>
  <datafield tag="100" ind1="1" ind2=" ">
    <subfield code="a">Brito, Ilda</subfield>
  </datafield>
  <datafield tag="245" ind1="1" ind2="0">
    <subfield code="a">Lengua espa&#xF1;ola 4 :</subfield>
    <subfield code="b">[educaci&#xF3;n b&#xE1;sica] /</subfield>
    <subfield code="c">Ilda Brito; Karolyn Guzm&#xE1;n ; producci&#xF3;n editorial Mar&#xED;a del Jes&#xFA;s de la Rosa ; ilustraci&#xF3;n Ram&#xF3;n Sandoval.

</subfield>
  </datafield>
  <datafield tag="250" ind1=" " ind2=" ">
    <subfield code="a">Edici&#xF3;n revisada y actualizada</subfield>
  </datafield>
  <datafield tag="260" ind1=" " ind2=" ">
    <subfield code="a">Santo Domingo :</subfield>
    <subfield code="b">Actualidad Escolar 2000.</subfield>
    <subfield code="c">2013.</subfield>
  </datafield>
  <datafield tag="300" ind1=" " ind2=" ">
    <subfield code="a">2v. : </subfield>
    <subfield code="b">il., retrs. ;</subfield>
    <subfield code="c">28 cm.</subfield>
  </datafield>
  <datafield tag="500" ind1=" " ind2=" ">
    <subfield code="a">Cuarto grado. Primer ciclo educaci&#xF3;n b&#xE1;sica </subfield>
  </datafield>
  <datafield tag="500" ind1=" " ind2=" ">
    <subfield code="a">Texto original elaborado por Fiume G&#xF3;mez</subfield>
  </datafield>
  <datafield tag="500" ind1=" " ind2=" ">
    <subfield code="a">Edici&#xF3;n revisada y actualizada al 2013</subfield>
  </datafield>
  <datafield tag="500" ind1=" " ind2=" ">
    <subfield code="a">Incluye el libro del maestro.</subfield>
  </datafield>
  <datafield tag="504" ind1=" " ind2=" ">
    <subfield code="a">Bibliograf&#xED;a: p. 176</subfield>
  </datafield>
  <datafield tag="505" ind1="0" ind2=" ">
    <subfield code="g">Unidad 1 --</subfield>
    <subfield code="t">Mi primer d&#xED;a de clases --</subfield>
    <subfield code="g">Unidad 2 --</subfield>
    <subfield code="t">A Quisqueya --</subfield>
    <subfield code="g">Unidad 3 --</subfield>
    <subfield code="t">El &#xE1;guila y la asamblea de los animales --</subfield>
    <subfield code="g">Unidad 4 --</subfield>
    <subfield code="t">Costumbres y leyendas de mi pa&#xED;s --</subfield>
    <subfield code="g">Unidad 5 --</subfield>
    <subfield code="t">El ritmo de las ideas --</subfield>
    <subfield code="g">Unidad 6 --</subfield>
    <subfield code="t">Relatos maravillosos --</subfield>
    <subfield code="g">Unidad 7 --</subfield>
    <subfield code="t">Los encantos de Arroyo Fr&#xED;o --</subfield>
    <subfield code="g">Unidad 8 --</subfield>
    <subfield code="t">&#xA1;Qu&#xE9; dulce es la miel! --</subfield>
  </datafield>
  <datafield tag="650" ind1=" " ind2="4">
    <subfield code="a">ESPA&#xD1;OL</subfield>
    <subfield code="x">LIBROS DE TEXTOS</subfield>
  </datafield>
  <datafield tag="650" ind1=" " ind2="4">
    <subfield code="a">ESPA&#xD1;OL</subfield>
    <subfield code="x">EDUCACI&#xD3;N PRIMARIA</subfield>
  </datafield>
  <datafield tag="650" ind1=" " ind2="4">
    <subfield code="a">ESPA&#xD1;OL</subfield>
    <subfield code="x">ESTUDIOS Y EJERC&#xCD;CIOS</subfield>
  </datafield>
  <datafield tag="650" ind1=" " ind2="4">
    <subfield code="a">ESPA&#xD1;OL</subfield>
    <subfield code="x">ENSE&#xD1;ANZA B&#xC1;SICA</subfield>
  </datafield>
  <datafield tag="650" ind1=" " ind2="4">
    <subfield code="a">EDUCACI&#xD3;N PRIMARIA</subfield>
    <subfield code="z">REP&#xDA;BLICA DOMINICANA</subfield>
  </datafield>
  <datafield tag="700" ind1="1" ind2=" ">
    <subfield code="a"> Brito, Ilda</subfield>
    <subfield code="t">Lengua espa&#xF1;ola 4</subfield>
  </datafield>
  <datafield tag="700" ind1="1" ind2=" ">
    <subfield code="a">Guzm&#xE1;n, Karolyn</subfield>
  </datafield>
  <datafield tag="700" ind1="1" ind2=" ">
    <subfield code="a">Rosa, Mar&#xED;a del Jes&#xFA;s de la,</subfield>
    <subfield code="e">ed. </subfield>
  </datafield>
  <datafield tag="700" ind1="1" ind2=" ">
    <subfield code="a">Sandoval, Ram&#xF3;n,</subfield>
    <subfield code="e">il.</subfield>
  </datafield>
  <datafield tag="700" ind1="1" ind2=" ">
    <subfield code="a">G&#xF3;mez, Fiume.</subfield>
    <subfield code="t">Lengua espa&#xF1;ola 4. </subfield>
  </datafield>
  <datafield tag="910" ind1=" " ind2=" ">
    <subfield code="a">Validado. Control de calidad MFF</subfield>
  </datafield>
  <datafield tag="942" ind1=" " ind2=" ">
    <subfield code="2">ddc</subfield>
    <subfield code="c">BK</subfield>
  </datafield>
  <datafield tag="945" ind1=" " ind2=" ">
    <subfield code="a">Remanejado para la BNPHU / 2018 VM</subfield>
  </datafield>
  <datafield tag="952" ind1=" " ind2=" ">
    <subfield code="0">0</subfield>
    <subfield code="1">0</subfield>
    <subfield code="2">ddc</subfield>
    <subfield code="4">0</subfield>
    <subfield code="7">0</subfield>
    <subfield code="8">CE</subfield>
    <subfield code="a">BPMET</subfield>
    <subfield code="b">BPMET</subfield>
    <subfield code="d">2016-04-14</subfield>
    <subfield code="e">Donaci&#xF3;n</subfield>
    <subfield code="l">0</subfield>
    <subfield code="o">372.6561 B862L   4to.  2013   v. 1</subfield>
    <subfield code="p">BPMSU16040459</subfield>
    <subfield code="r">2016-04-14</subfield>
    <subfield code="y">BK</subfield>
  </datafield>
  <datafield tag="952" ind1=" " ind2=" ">
    <subfield code="0">0</subfield>
    <subfield code="1">0</subfield>
    <subfield code="2">ddc</subfield>
    <subfield code="4">0</subfield>
    <subfield code="7">0</subfield>
    <subfield code="8">CE</subfield>
    <subfield code="a">BPMET</subfield>
    <subfield code="b">BPMET</subfield>
    <subfield code="d">2016-06-02</subfield>
    <subfield code="e">Donaci&#xF3;n</subfield>
    <subfield code="l">0</subfield>
    <subfield code="o">372.6561 B862L   4to.  2013   v.2  Libro del maestro</subfield>
    <subfield code="p">BPMSU16060037</subfield>
    <subfield code="r">2016-06-02</subfield>
    <subfield code="w">2016-06-02</subfield>
    <subfield code="y">BK</subfield>
  </datafield>
  <datafield tag="956" ind1=" " ind2=" ">
    <subfield code="a">LOPEREZ</subfield>
    <subfield code="b">10</subfield>
    <subfield code="c">20160414</subfield>
    <subfield code="l">BPMSU</subfield>
    <subfield code="h">00041</subfield>
  </datafield>
  <datafield tag="999" ind1=" " ind2=" ">
    <subfield code="c">9773</subfield>
    <subfield code="d">9773</subfield>
  </datafield>
</record>
